000 01498cam a22002891i 4500
003 SA-RiAUC
005 20250906095559.0
008 250904s1979____ii g 00000 ara c
040 _aSA-JeALM
_bara
_cSA-RiAUC
_erda
082 0 4 _a235.1
_qSA-RiAUC
090 _a235.1
_bم ل ت
100 1 _aالملتاني، عبد الصبور عبد التواب،
_dتوفي 1349 هجري
_eمؤلف.
245 1 0 _aإنعام المنعم الباري بشرح ثلاثيات البخاري /
_cعبد الصبور عبد التواب الملتاني.
246 3 0 _aشرح ثلاثيات البخاري
250 _aالطبعة الثانية.
264 1 _aنارس - الهند :
_bالجامعة السلفية، إدارة البحوث الإسلامية والدعوة والإفتاء،
_c1979.
300 _a87 صفحة ؛
_c20 سم.
336 _aنص
_btxt
_2rdacontent
_3كتاب
337 _aبدون وسيط
_bn
_2rdamedia
490 0 _aمطبوعات الجامعة السلفية ؛
_v14
650 7 _aصحيح البخاري
_2aucsh
650 7 _aالحديث
_xشرح
_2aucsh
650 7 _aالحديث
_xالإسناد الصحيح
_2aucsh
700 1 2 _iشرح لـ (عمل) :
_aالبخاري، محمد بن إسماعيل بن إبراهيم،
_d194-256 هجري.
_tالجامع الصحيح المسند المختصر من حديث رسول الله صلى الله عليه وسلم وسننه وأيامه
942 _2ddc
_cBOOK
_n0
949 _aSA-JeALM
_d250904
_uosman123
_n1
999 _c11453
_d11453